Les 10 pays avec le plus de touriste en 2024 - Statistiques

Statistiques générales
  • Ce quiz a été pris 452 fois
  • Le résultat moyen est 8 sur 10
Statistiques - réponses
Nombres de Touristes Réponse % Correct
100 millions France
99%
66 millions Etats Unis
98%
85 millions Espagne
97%
57 millions Italie
94%
37 millions Royaume Uni
88%
35 millions Allemagne
83%
42 millions Mexique
78%
32 millions Grèce
65%
55 millions Turquie
60%
31 millions Autriche
32%
Aucun quiz correspondant
Distribution des résultats
% des personnes avec chaque résultat
Percentile par nombre de réponses
Votre historique - résultats
Vous n’avez pas pris ce quiz